Дело о погребении в Александро-Невской лавре разных особ

Доступно только в Электронных читальных залах Найти на картеНа карте
RUSMARC
00003663nmc2a2200000 x 450
001342d21ce-ca9b-43e0-8aa2-1feaa0a99ae6
00520171110174049.0
100##$a20140827l19081908k l0rusy0189 ca
1010#$arus
102##$aRU
2001#$aДело о погребении в Александро-Невской лавре разных особ
$jоктябрь 1908 г.
$hЧасть 10
251##$cДело
300##$aДело
801#0$aRU
$bРГИА
$c20140827
$gRCR
801#1$aRU
$bГлавНИВЦ
$c20140827
$2rusmarc
801#2$aRU
$bПБ им. Б.Н. Ельцина
$c20171110
$gRCR
$2rusmarc
850##$aРГИА
852##$aРГИА
$eФедеральное казенное учреждение "Российский государственный исторический архив" (РГИА)
$j41
$lк
937##$hРГИА
$d12099161
$aASBIBLIO_SCAN
462#0$1001a2893c57-f1d1-49fc-a251-270377f8e28d
$12001
$a1898-1919 гг. Дела Александро-Невской лавры за 1908 г.
$1251
$cОпись
$1852
$j11
461#0$1001797db5dd-11cb-45cb-8b15-b71eb4796399
$12001
$aАлександро-Невская лавра
$1251
$cФонд
$1852
$j815
215##$a158 л.
$d36,5х26 см
371##$aДокумент не является опубликованным и широко распространяемым
105##$ay###
1222#$ad
035##$a342d21ce-ca9b-43e0-8aa2-1feaa0a99ae6
856##$uhttp://readingroom.main.prlib.ru/item.aspx?id_node=n108847146&mode=full
Формат отображения